О неустойчивости разряда с электронным пучком на фронте ускоряющего напряжения; Журнал технической физики; Т. 48, вып. 1

Бібліографічні деталі
Parent link:Журнал технической физики/ Российская академия наук (РАН), Физико-технический институт им. А. Ф. Иоффе (ФТИ).— , 1931-
Т. 48, вып. 1.— 1978.— С. 184-186
Автор: Евдокимов О. Б.
Інші автори: Месяц Г. А. Геннадий Андреевич, Пономарев В. Б.
Мова:Російська
Опубліковано: 1978
Предмети:
Формат: MixedMaterials Частина з книги
KOHA link:https://koha.lib.tpu.ru/cgi-bin/koha/opac-detail.pl?biblionumber=451788

MARC

LEADER 00000naa2a2200000 4500
001 451788
005 20231101083619.0
035 |a (RuTPU)RU\TPU\prd\114268 
090 |a 451788 
100 |a 20110623a1978 k y0rusy50 ca 
101 0 |a rus 
102 |a RU 
200 1 |a О неустойчивости разряда с электронным пучком на фронте ускоряющего напряжения  |f О. Б. Евдокимов, Г. А. Месяц, В. Б. Пономарев 
320 |a Библиогр.: с. 186 (3 назв.) 
461 0 |0 (RuTPU)RU\TPU\prd\452  |t Журнал технической физики  |f Российская академия наук (РАН), Физико-технический институт им. А. Ф. Иоффе (ФТИ)  |d 1931- 
463 0 |0 (RuTPU)RU\TPU\prd\99548  |t Т. 48, вып. 1  |v С. 184-186  |d 1978 
610 1 |a труды учёных ТПУ 
700 1 |a Евдокимов  |b О. Б. 
701 1 |a Месяц  |b Г. А.  |c российский физик  |c академик, вице-президент РАН  |c выпускник Томского политехнического института  |f 1936-  |g Геннадий Андреевич  |2 stltpush  |3 (RuTPU)RU\TPU\pers\17099  |4 070 
701 1 |a Пономарев  |b В. Б. 
801 1 |a RU  |b 63413507  |c 20110623 
942 |c BK